000 00858nam a2200205 a 4500
001 000014185
005 20200929163518.0
008 091207s1946 dr d 000 0 spa d
040 _aDO-SdBNP
_bspa
_cBNPHU
082 _a327.7293051
_bH776r
100 1 _aHoo, Che-Shy
_932054
245 1 0 _aRelaciones chino-dominicanas :
_bdiscursos pronunciados en la República Dominicana abril 1944- abril 1946 /
_cHoo Che -Shy.
260 _aCiudad Trujillo, República Dominicana :
_bMontalvo,
_c1946.
300 _a354 p. ; :
_bil., retrs. ;
_c26 cm.
651 4 _aRepública Dominicana
_xRelaciones Exteriores
_zChina
_932055
651 4 _aChina
_xRelaciones Exteriores
_zRepública Dominicana
_932056
651 4 _aChina
_xTratados Internacionales
_zRepública Dominicana
_932057
651 4 _aRepública Dominicana
_xTratados Internacionales
_zChina
_932058
049 _aBNPD
999 _c13786
_d13786